000 00509nam a2200181Ia 4500
001 8797
005 20260306160636.0
008 260306t2015||||xx |||||||||||||| ||spa||
041 _aESP
082 _a371.337
_bB71
100 _aBoisvert, Francine
_eAUT
245 0 _aJuegos divertidos en educación primaria:
_bpara desarrollar la observación, la memoria, la reflexión, el ingenio
260 _c2015
300 _a143 páginas :
_c24 cm.
650 _aGEN
654 _aCED
942 _cLIB
_dJUS
_fJUS
_2ddc
_n
999 _c8797
_d8797